Richerche sulla struttura delle servitù d'acqua in diritto romano
Uloženo v:
| Hlavní autor: | |
|---|---|
| Médium: | Kniha |
| Jazyk: | italština |
| Vydáno: |
Milán
Dott. A. Giuffrè
1966
|
| Edice: | Quaderni Studi Senesi, 14
|
| Témata: | |
| Tagy: |
Přidat tag
Žádné tagy, Buďte první, kdo vytvoří štítek k tomuto záznamu!
|
MARC
| LEADER | 00000nam a2200000 a 4500 | ||
|---|---|---|---|
| 001 | UCR1028 | ||
| 003 | CL-VaPUC | ||
| 008 | 971205e19660000IT |||||||||||||||||ita|d | ||
| 082 | 0 | 4 | |a 340.54 |b CAP |2 21 |
| 100 | 0 | |a Capogrossi Colognesi, Luigi |e author |9 397781 | |
| 245 | 1 | 0 | |a Richerche sulla struttura delle servitù d'acqua in diritto romano |
| 300 | |a 201 p | ||
| 942 | |c BK | ||
| 945 | |d 19971205 00:00:00 |a aolguin | ||
| 260 | |a Milán |b Dott. A. Giuffrè |c 1966 | ||
| 650 | 0 | |a Derecho romano |9 255930 | |
| 650 | 0 | |a Derecho de aguas |9 257148 | |
| 650 | 0 | |a Régimen jurídico |9 391149 | |
| 650 | 7 | |a CONSECIONES |2 CL-VaPUC |9 397782 | |
| 650 | 0 | |a Agua |9 257149 | |
| 650 | 7 | |a LEGISLACION |2 CL-VaPUC |9 397783 | |
| 583 | |a last modification |c 19971205 00:00:00 |k Rodrigo Vera | ||
| 490 | 0 | |a Quaderni Studi Senesi, 14 | |
| 999 | |c 264523 |d 264521 | ||
| 952 | |0 0 |1 0 |4 0 |6 340_540000000000000_CAP_1966 |7 0 |8 DER_ROM |9 294807 |a BIBDER |b BIBDER |d 2019-11-19 |i 1909347 |l 1 |o 340.54 CAP 1966 |p 1909347 |r 2023-01-25 |s 2020-03-19 |w 2019-11-19 |x Ubicación 4to piso |y BK |z Este recurso debe solicitarse con anticipación |k DER | ||